India States Quiz - Statistics

General Stats
  • This quiz has been taken 47 times
  • The average score is 15 of 28
Answers on the Map
Answers color-coded by a green-red scale on the quiz's map according to % correct below.
 
Answer Stats
State % Correct
Tamil Nadu
86%
Goa
79%
Rajasthan
79%
Uttar Pradesh
79%
Andhra Pradesh
71%
Assam
71%
Gujarat
71%
Kerala
71%
West Bengal
64%
Arunachal Pradesh
57%
Madhya Pradesh
57%
Mizoram
57%
Odisha
57%
Punjab
57%
Telangana
57%
Nagaland
50%
Sikkim
50%
Karnataka
43%
Manipur
43%
Bihar
36%
Haryana
36%
Himachal Pradesh
36%
Jharkhand
36%
Meghalaya
36%
Tripura
36%
Uttarakhand
36%
Maharastra
29%
Chattisgarh
21%
No matching quizzes found
Score Distribution
Percent of People with Each Score
Percentile by Number Answered
Your Score History
You have not taken this quiz